Biblioteka Instytutu Północnego w Olsztynie

O Europie i Europejczykach / (Rekord nr 27709)

Szczegóły MARC
000 -Nagłówek
fixed length control field 01546cam a2200421 i 4500
001 - Nr kontrolny bibl., która utworzyła rek.
control field zz2005906517
003 - Siglum bibl., której nr kontr. jest w 001
control field NUKAT
005 - Data i czas ostatniej operacji
control field 20260421115227.0
008 - Elementy pola stałej długości
fixed length control field 050411s2000 pl |000 0 pol c
020 ## - ISBN
ISBN 8370069649
dopowiedzenie (oprawa miękka)
035 ## - Systemowy numer kontrolny
systemowy numer kontrolny (OCoLC)830225733
035 ## - Systemowy numer kontrolny
systemowy numer kontrolny (NUKAT)zz2005906517
040 ## - Instytucja sporządzająca opis
Instytucja, która sporządziła opis GD PAN/KM
język katalgowania-trzyzn. kod pol
zasady opisu rda
Instytucja, która sporządziła rekord GD PAN/KM
Instytucja, która zmodyfikowała rekord GD PAN/MO
-- GD PAN/JSs
-- GD PAN/MO
-- OLSZT 008/bak
046 ## - Kod rodz. daty, data1, data2 (daty pne)
Begin/single date 2000
Single or starting date for aggregated content 1987
Ending date for aggregated content 2000
100 1# - Hasło główne-nazwa osobowa
Nazwa osobowa Porębski, Czesław
Daty biograficzne (1945- ).
rodzaj współpracy Autor
9 (RLIN) 40346
245 10 - Tytuł właściwy i oznaczenie odpow.
tytuł O Europie i Europejczykach /
dod. inf. ze s. tyt./ozn. odpow. Czesław Porębski.
260 ## - Adres wydawniczy
miejsce wydania, dystrybucji itp. Kraków :
nazwa wydawcy, dystrybutora itp. Wydawnictwo Znak,
data wydania, dystrybucji itp. 2000.
300 ## - Opis fizyczny
objętość i/lub forma materiału 250 stron ;
format 20 cm.
336 ## - Content Type
Term Tekst
Code txt
Source rdacontent
337 ## - Media Type
Term Bez urządzenia pośredniczącego
Code n
Source rdamedia
338 ## - Carrier Type
Term Wolumin
Code nc
Source rdacarrier
380 ## - Form of work
Form of work Książki
380 ## - Form of work
Form of work Literatura faktu, eseje, publicystyka
388 1# - TIME PERIOD OF CREATION
Time period of creation term 1901-2000
388 1# - TIME PERIOD OF CREATION
Time period of creation term 1989-2000
490 1# - Tytuł serii i ks. wielotom.-nie do wysz.
oznaczenie serii Biblioteka Myśli Politycznej - Ośrodek Myśli Politycznej ;
numer woluminu 27
610 27 - Hasło przedmiotowe-nazwa ciała zbior.
nazwa ciała zbior. lub geogr. Unia Europejska (UE)
źródło hasła DBN
9 (RLIN) 40347
650 #7 - Hasło przedmiotowe-nazwa pospolita
nazwa pospolita lub geogr. Europejczycy
źródło hasła DBN
9 (RLIN) 40348
650 #7 - Hasło przedmiotowe-nazwa pospolita
nazwa pospolita lub geogr. Integracja europejska
źródło hasła DBN
9 (RLIN) 38005
651 #7 - Hasło przedmiotowe-nazwa geogr.
nazwa geograficzna Europa
źródło hasła DBN
9 (RLIN) 35699
651 #7 - Hasło przedmiotowe-nazwa geogr.
nazwa geograficzna Polska
źródło hasła DBN
9 (RLIN) 35076
655 #7 - Termin określający rodzaj/formę
rodzaj/forma Esej
źródło terminu DBN
9 (RLIN) 35636
658 ## - Nazwa określająca cel programu nauczania
główny cel programu nauczania Polityka, politologia, administracja publiczna
710 2# - Hasło dodatkowe - nazwa ciała zbior.
nazwa ciała zbior. lub nazwa geogr. Społeczny Instytut Wydawniczy Znak.
rodzaj współpracy Wydawca
kod rodzaju współpracy pbl
9 (RLIN) 11774
830 #0 - Hasło dod. serii i op. ks. wielotom. -tyt
tytuł Biblioteka Myśli Politycznej (Ośrodek Myśli Politycznej)
nukat 1733-7194
oznaczenie tomu 27
9 (RLIN) 15871
920 ## - ISBN
ISBN 83-7006-964-9 (oprawa miękka)
942 ## - ADDED ENTRY ELEMENTS (KOHA)
Source of classification or shelving scheme Dewey Decimal Classification
Koha item type pozycje dostępne na miejscu
Egzemplarze
Status wycofania Status zagubienia Klasyfikacja Status uszkodzenia Blokada wypożyczeń Kolekcja Lokalizacja macierzysta Lokalizacja bieżąca Data nabycia Numer akcesji Źródło akcesji Cena Nr inwentarzowy il. wypożyczeń Sygnatura Kod kreskowy Date last seen Price effective from Typ egz.
    Dewey Decimal Classification nieuszkodzona   książka w magazynie Biblioteka Instytutu Północnego w Olsztynie Biblioteka Instytutu Północnego w Olsztynie 03/07/2017 W-44/2017 wymiana 15.00 59917   59917 IPWK21616 21/04/2026 21/04/2026 pozycje dostępne na miejscu
Biblioteka Instytutu Północnego, ul. Partyzantów 87, 10-402 Olsztyn, email: biblioteka(at)ip.olsztyn.pl